[Event "Skovlunde Capablanca-C"]
[Site "Skovlunde"]
[Date "2003.09.22"]
[Round "1"]
[White "Moustgaard, Lynge"]
[Black "Theisen, Michelle"]
[Result "1-0"]
[WhiteElo "1000"]
[BlackElo "1000"]
[PlyCount "65"]
[EventDate "2003.08.25"]
[EventType "tourn"]
[EventRounds "5"]
[EventCountry "DEN"]
[SourceTitle "EXT 2023"]
[Source "ChessBase"]
[SourceDate "2022.10.05"]
[SourceVersion "1"]
[SourceVersionDate "2022.10.05"]
[SourceQuality "1"]

1. e4 e5 2. Qh5 Nf6 3. Qxe5+ Be7 4. Qg5 Nxe4 5. Qxg7 Rf8 6. Qxh7 Ng5 7. Qg7 d5 8. Bb5+ c6 9. Bd3 Be6 10. h4 Ne4 11. Bxe4 dxe4 12. Nh3 Nd7 13. 0-0 Bxh4 14. g3 Bxh3 15. Re1 Nc5 16. d3 Bf6 17. Qh6 Bf5 18. f3 Qc7 19. Nc3 Bd4+ 20. Be3 Qd6 21. Bxd4 Qxd4+ 22. Re3 Rg8 23. fxe4 Be6 24. Nd1 0-0-0 25. c3 Rxg3+ 26. Kf2 Nxd3+ 27. Kxg3 Rg8+ 28. Kf3 Ne5+ 29. Ke2 Ng4 30. Qh7 Rg5 31. cxd4 Nf6 32. Qh6 Rg8 33. Qxf6 1-0